000 00518nam a2200181 a 4500
001 000023674
005 20200930022403.0
008 101218s1962 sp 001 0 spa d
040 _aDO-SdBNP
_bspa
_cBNPHU
082 _axx
_bxx
100 1 _aRivera LandrĂ³n, Francisco.
_948772
245 1 3 _aEl alma de la huerta :
_bnovela /
_cFrancisco Rivera LandrĂ³n.
250 _a2a ed. rev.
260 _aBarcelona :
_bRvmbos,
_c1962.
300 _a125 p. :
_bil. ;
_c20 cm.
590 _aInventariado, 2019/VM
049 _aBNGR
999 _c23170
_d23170